Statistiques concernant Paroles "Supercalifragilisticexpialidocious" - Mary Poppins

Cliquez ici pour prendre le quiz!

Statistiques générales

  • Ce quiz a été pris 184 fois
  • Le résultat moyen est 156 sur 283

Statistiques - réponses

PersonnagesParoles% Correct
ce
96%
mot
95%
supercalifragilisticexpialidocious
95%
Supercalifragilisticexpialidocious
95%
à
92%
est
92%
Mary Poppins | TousC'est
90%
c'est
90%
ma
90%
m'a
90%
le
89%
que
88%
vous
86%
vrai
86%
mais
85%
l'on
83%
long
83%
atroce
82%
la
82%
Homme en dessinPar
82%
MaryEt
81%
et
81%
parfaitement
78%
se
78%
trop
78%
plus
77%
de
76%
précoce
75%
un
75%
page
71%
serez
69%
dire
67%
fait
65%
faut
62%
pour
62%
si
61%
dit
60%
en
60%
BertLes
60%
les
60%
pas
59%
je
58%
ne
57%
quand
56%
très
54%
ça
52%
du
52%
j'ai
51%
jour
51%
mit
50%
papa
50%
MaryIl
49%
il
49%
belle
48%
dites
48%
MaryDites
48%
prononciation
48%
invention
47%
l'envers
47%
une
47%
nez
46%
tordu
45%
parler
44%
peu
44%
tout
44%
envie
43%
Mary & BertOh
43%
oh
43%
petit
42%
donne
41%
rage
41%
dès
40%
elle
40%
faire
40%
même
39%
sa
39%
dans
38%
d'un
38%
femme
38%
grand
38%
pu
38%
j'avais
37%
magicien
37%
recommandé
37%
vie
37%
Bertparce
36%
tour
36%
m'écouter
35%
monde
35%
on
35%
qu'il
35%
temps
35%
étant
34%
MaryOui
34%
simple
34%
déjeuner
33%
ducs
33%
inspiré
33%
aller
31%
exemple
31%
fais
31%
l'aide
31%
loin
31%
m'invitent
31%
prennent
31%
qu'ils
31%
créature
30%
maintenant
30%
fille
29%
BertIndubitablement
29%
m'blâmer
29%
regrette
29%
délicieuse
28%
souvent
28%
use
27%
va-et-vient
26%
car
25%
chat
25%
votre
24%
alors
23%
aurez
23%
soir
23%
sont
22%
attention
21%
change
20%
fréquentais
20%
Homme en dessinJ'lai
20%
langue
20%
permis
20%
pourrait
18%
maharadjas
16%
qu'au
16%
rêves
16%
seulement
16%
ay
14%
beaux
14%
um
14%
Um
14%
diddle
13%
dociousalipristicfragicalisuper
9%

Distribution des résultats

Percentile par nombre de réponses

% des personnes avec chaque résultat

Votre développement - résultats

Vous n’avez pas pris ce quiz